000 00549nam a22001577a 4500
999 _c535738
_d535738
020 _qHard Cover.
082 _a621.4022
100 _aJilani, Aisha
245 _aEXERGETIC ANALYSIS AND PARAMETRIC OPTIMIZATION OF SOLAR CHIMNEY POWER PLANT OF VARIABLE FLOW AREA /
_cAisha Jilani
260 _aIslamabad :
_bPNEC - NUST,
_c2014.
300 _a79 p. : ill. ;
_c30cm.
942 _2ddc
_cTHE
650 _aMechanical / Thermal Fluid MS-Thesis.
_930529
700 _aDr. Shafiq ur Rehman.
_929496